Nguyên lý kế toán Dùng cho chuyên ngành Kế toán, Kiểm toán, Kinh tế và Quản trị Kinh doanh
Trình bày: bản chất của hoạch toán, đối tượng nghiên cứu của kế toán, phương pháp chứng từ, tính giá, đối ứng tài khoản, hệ thống tài khoản kế toán, tổng hợp cân đối kế toán, các quá trình kinh doanh chủ yếu và sổ sách kế toán, có k...
Сохранить в:
| Главный автор: | |
|---|---|
| Другие авторы: | , |
| Формат: | |
| Язык: | Vietnamese |
| Опубликовано: |
H.
Tài chính
2009
|
| Редактирование: | Tái bản lần thứ 3, có sửa đổi, bổ sung |
| Предметы: | |
| Метки: |
Добавить метку
Нет меток, Требуется 1-ая метка записи!
|
| Thư viện lưu trữ: | Trung tâm Học liệu Lê Vũ Hùng, Trường Đại học Đồng Tháp |
|---|
| LEADER | 01595pam a22003018a 4500 | ||
|---|---|---|---|
| 001 | 00025769 | ||
| 005 | 20171026081023.0 | ||
| 008 | 110811s2009 ||||||viesd | ||
| 020 | |c 48000 | ||
| 041 | 0 | # | |a vie |
| 082 | 1 | 4 | |a 657.071 |b NG527L |
| 100 | 1 | # | |a Trần Quí Liên |
| 245 | 1 | 0 | |a Nguyên lý kế toán |b Dùng cho chuyên ngành Kế toán, Kiểm toán, Kinh tế và Quản trị Kinh doanh |c Trần Quí Liên, Trần Văn Thuận, Phạm Thành Long |
| 250 | # | # | |a Tái bản lần thứ 3, có sửa đổi, bổ sung |
| 260 | # | # | |b Tài chính |c 2009 |a H. |
| 300 | # | # | |a 369 tr. |b bảng |c 21 cm. |
| 504 | # | # | |a Phụ lục: tr. 294-361 |
| 520 | 3 | # | |a Trình bày: bản chất của hoạch toán, đối tượng nghiên cứu của kế toán, phương pháp chứng từ, tính giá, đối ứng tài khoản, hệ thống tài khoản kế toán, tổng hợp cân đối kế toán, các quá trình kinh doanh chủ yếu và sổ sách kế toán, có kèm theo câu hỏi ôn tập sau mỗi phần |
| 650 | # | 4 | |a Giáo trình |
| 650 | # | 4 | |a Kế toán |
| 650 | # | 4 | |a Nguyên lí |
| 700 | 1 | # | |a Phạm Thành Long |
| 700 | 1 | # | |a Trần Văn Thuận |
| 852 | # | # | |b Kho mượn |j KM.0007231, KM.0005083, KM.0007230, KM.0007135 |
| 852 | # | # | |b Kho đọc |j KD.0010643 |
| 852 | # | # | |j KM.0007231 |j KM.0005083 |j KM.0007230 |j KD.0010643 |j KM.0007135 |
| 910 | |d 11/08/2011 | ||
| 980 | # | # | |a Trung tâm Học liệu Lê Vũ Hùng, Trường Đại học Đồng Tháp |